Tirant lo blanc

Enregistré dans:
Détails bibliographiques
Auteurs principaux: Martorell, Joanot (autor), Galba, Martí Joan de (Auteur)
Format: Livre
Langue:espagnol
Publié: Madrid Espasa-Calpe 1969
Collection:Libro de bolsillo. Sección: Clásicos
Sujets:
Tags: Ajouter un tag
Pas de tags, Soyez le premier à ajouter un tag!

MARC

LEADER 00000nam a2200000 a 4500
001 UCQ5698
003 CL-VaPUC
008 981002e19690000SP |||||||||||||||||spa|d
082 0 4 |a 863  |b MAR  |2 21 
100 |a Martorell, Joanot   |e autor  |9 377007 
700 0 |a Galba, Martí Joan de  |e author  |9 419739 
245 1 0 |a Tirant lo blanc 
300 |a 2 v 
942 |c BK 
945 |d 19981002 00:00:00  |a lriquelm 
260 |a Madrid  |b Espasa-Calpe  |c 1969 
650 0 |a Novelas españolas  |9 265052 
650 0 |a Literatura española  |9 306261 
583 |a last modification  |c 19981002 00:00:00  |k Rodrigo Vera 
490 0 |a Libro de bolsillo. Sección: Clásicos 
999 |c 275902  |d 275900 
952 |0 0  |1 0  |4 0  |6 863_000000000000000_MAR_1969  |7 0  |8 A  |9 312785  |a BIBEDU  |b BIBEDU  |d 2019-11-20  |h v.1  |i 1474049  |o 863 MAR 1969  |p 1474049  |r 2019-11-20  |w 2019-11-20  |y BK  |k LIT 
952 |0 0  |1 0  |4 0  |6 863_000000000000000_MAR_1969  |7 0  |8 A  |9 312786  |a BIBEDU  |b BIBEDU  |d 2019-11-20  |h v.2  |i 147409K  |o 863 MAR 1969  |p 147409K  |r 2019-11-20  |w 2019-11-20  |y BK  |k LIT